000
00429nam a2200145Ia 4500
008
100122s9999 xx 000 0 und d
082
_b
63634
_a
827
100
_a
कलंदर
245
_a
आणखी कानोकानी
260
_b
रोहन प्रकाशन
_c
2003
300
_a
168
630
_a
आणखी कानोकानी
730
_a
आणखी कानोकानी
942
_c
BOOK
999
_c
437556
_d
437553